00961cam a2200229u 4500999001500000001000800015003000400023005001700027008004100044010001700085040001900102050002100121082001200142130005700154245022800211260004700439300001900486730005000505906004500555942001300600952011800613 c7133d71339882149OSt20190122201956.0821206s1963 nyu 000 0 eng  a 67000053  aDLCcCarPdDLC00aBS2085 1963b.N4 aREF 2200 aBible.pNew Testament.lEnglish.sAuthorized.f1963?14aThe New Testament of Our Lord and Saviour Jesus Christ.bTranslated out of the original Greek and with the former translations dilightly compared and revised// set forth in 1611 and commonly known as the King James Version/ aNew York,bAmerican Bible Societyc[1963?] a425 p.c20 cm.0 aBible.pPsalms.lEnglish.sAuthorized.f1963? a0bcbccpremunvduencipf19gy-gencatlg 2ddccREF 00102ddc40718REFaHMCbHMCcREFd2019-01-22g250.00l0oREF 220p008095r2019-01-22 00:00:00w2019-01-22yREF